• 首页
  • 本馆介绍
  • 公告通知
  • 最新文献
  • 馆藏检索
  • 电子资源
  • 读者导购
  • 参考咨询
  • 我的图书馆
  • 登录
  • 详细信息显示
  • 放入我的书架
  • 预约/预借图书
  • 作者相关作品
  • 分类相关作品
  • 丛书相关作品
  • 出版社相关作品

书目信息

  • 表格格式
  • 工作单格式
  • 卡片格式
题名:
上海鲁迅故居
    
 
作者: 郭凤珍 , 朱嘉栋24著 著
分册:  
出版信息: 北京   文物出版社  1982
页数: 47页
开本: 19cm
丛书名: 革命文物丛书
单 册:
中图分类: K878.23
科图分类:
主题词: 故居-鲁迅--上海
电子资源:
ISBN:
000 00759nam2 2200277 45
001 0182001159
005 20060801105548.15
010    @dCNY0.44
091    @aCN@b11068.990
100    @a19950408d1982 em y0chiy0121 ea
101 0  @achi
102    @aCN@b110000
105    @af z 000yy
200 10 @a上海鲁迅故居@Ashang hai lu xun gu ju@e鲁迅墓@f郭凤珍,朱嘉栋著
210    @a北京@c文物出版社@d1982
215    @a47页@c照片@d19cm
225 2  @a革命文物丛书
410  0 @120010@a革命文物丛书
600  0 @a鲁迅@x故居@y上海
606    @a故居-鲁迅@y上海
690    @aK878.23@v3
701  0 @a郭凤珍@Aguo feng zhen@4著
701  0 @a朱嘉栋24著@Azhu jia dong 24 zhu@4著
801  2 @aCN@bNLC@c20060801
801  0 @aCN@bTSSF
905    @a10447@dK878.23@e185
    
    上海鲁迅故居:鲁迅墓/郭凤珍,朱嘉栋著.-北京:文物出版社,1982
    47页:照片;19cm.-(革命文物丛书)
    
    
    ISBN :CNY0.44
    
●
相关链接 在E读中查询图书 在五车中查询图书 在当当中查询图书 在豆瓣中查询图书


正题名:上海鲁迅故居     索取号:K878.23/185         预约/预借

序号 登录号 条形码 馆藏地/架位号 状态 备注
1 0444083   204440836   密集书库/ [索取号:K878.23/185] 在馆    
2 0448410   204484101   密集书库/ [索取号:K878.23/185] 在馆    
3 0448465   204484655   密集书库/ [索取号:K878.23/185] 在馆    
4 0466812   204668127   密集书库/ [索取号:K878.23/185] 在馆    
唐山师范学院图书馆 欢迎您!
大连网信软件有限公司© 版权所有